[Event "Pretoria USSA op"]
[Site "Pretoria"]
[Date "2013.12.03"]
[Round "3"]
[White "Whittet, Andrew N"]
[Black "Raleteng, Thabiso"]
[Result "1-0"]
[WhiteElo "1845"]
[BlackElo "1517"]
[PlyCount "112"]
[EventDate "2013.12.02"]
[EventType "swiss"]
[EventRounds "9"]
[EventCountry "RSA"]
[SourceTitle "CBM 158 Extra"]
[Source "ChessBase"]
[SourceDate "2014.02.28"]
[SourceVersion "1"]
[SourceVersionDate "2014.02.28"]
[SourceQuality "1"]

1. e4 e6 2. d4 d5 3. Nd2 Nf6 4. e5 Nfd7 5. Ngf3 c5 6. c3 Nc6 7. Bd3 Qb6 8. 0-0 cxd4 9. cxd4 Nxd4 10. Nxd4 Qxd4 11. Nf3 Qb6 12. Qa4 Be7 13. Be3 Qd8 14. Qg4 Bf8 15. Rac1 f5 16. exf6 Nxf6 17. Qd4 Bd6 18. Rfe1 0-0 19. h3 Bd7 20. Ne5 Ne8 21. Bb1 Bxe5 22. Qxe5 Qf6 23. Qh5 g6 24. Qe2 Rc8 25. Rxc8 Bxc8 26. Bxa7 Ng7 27. a4 Re8 28. b4 e5 29. Ba2 Be6 30. Qxe5 Qxe5 31. Rxe5 Bf7 32. Rxe8+ Nxe8 33. Bb8 Kf8 34. Kf1 Ke7 35. Ke2 Nf6 36. Kd3 Nh5 37. Kd4 Nf6 38. Be5 Nd7 39. Bc7 Nf6 40. Kc5 Nd7+ 41. Kd4 Nf6 42. Bf4 Nd7 43. a5 Nf8 44. Bg3 Ne6+ 45. Ke5 Nc7 46. Bh4+ Kd7 47. Bb3 Be6 48. Ba4+ Kc8 49. f4 Bf5 50. g4 Be4 51. f5 gxf5 52. gxf5 Na6 53. Be7 Nc7 54. Bd6 Na6 55. Be7 Bxf5 56. Kxf5 d4 1-0